| 000 | 00961cam a22002415a 4500 | ||
|---|---|---|---|
| 001 | L159361 | ||
| 008 | 161213s2016 xxk f 000 0 eng d | ||
| 020 | _a9781118329818 | ||
| 035 | _a(Sirsi) u159361 | ||
| 041 | 0 | _aeng | |
| 100 | 1 | _aParker, David | |
| 245 | 0 | 0 |
_aInternational valuation standards _h[electronic resource] |
| 260 |
_aLondon _cWiley-Blackwell _c2016 |
||
| 520 | _aAn essential road map to using the new International Valuation Standards in everyday practice for real estate assets. Explains their content, application and operation. It shows how to value assets including residential and commercial property and plant and machinery. | ||
| 590 | _aKA | ||
| 650 | 2 | 4 | _aEBOOK |
| 651 | 4 | _aInternational | |
| 690 |
_aValuation _96273 |
||
| 690 |
_aResidential property _96266 |
||
| 690 |
_aCommercial property _96227 |
||
| 856 | 4 | 0 |
_uhttps://www.vlebooks.com/ _zView on VLEbooks. Logins for members only from [email protected] |
| 942 | _n0 | ||
| 999 |
_c115834 _d115834 |
||